00376nam a2200121Ia 4500008004100000245011300041260001700154260000900171300000900180650002300189650001200212856003000224170516s9999 xx 000 0 und d a68Ga-HBED-CC-PSMA PET/CT Versus Histopathology In Primary Localized Prostate Cancer: A Voxel-Wise Comparison bTheranostics c2016 a6:10 xMedical Technology xMedtech uhttp://www.thno.org/v6i10